FC Dallas current squad - Statistics

General Stats
  • This quiz has been taken 3 times
  • The average score is 16 of 25
Answer Stats
Number Player % Correct
20 Alan Velasco
100%
8 Jader Obrian
100%
10 Jesus Ferreira
100%
1 Jimmy Maurer
100%
30 Maarten Paes
100%
4 Marco Farfan
100%
19 Paxton Pomykal
100%
18 Brandon Servania
67%
2 Eddie Munjoma
67%
6 Edwin Cerrillo
67%
22 Ema Twumasi
67%
29 Franco Jara
67%
3 José Antonio Martinez
67%
21 Kalil ElMedkhar
67%
24 Matt Hedges
67%
7 Paul Arriola
67%
40 Antonio Carrera
33%
14 Beni Redzic
33%
25 Collin Smith
33%
5 Facundo Quignon
33%
15 Isaiah Parker
33%
31 Nanu
33%
17 Nkosi Tafari
33%
11 Szabolcs Schon
33%
16 Tsiki Ntsabeleng
33%
No matching quizzes found
Score Distribution
Percent of People with Each Score
Percentile by Number Answered
Your Score History
You have not taken this quiz